| 000 | 00637nam a2200217Ia 4500 | ||
|---|---|---|---|
| 005 | 20260601193221.0 | ||
| 008 | 260601s9999||||xx |||||||||||||| ||und|| | ||
| 020 |
_a978-981-99-8067-3 _qebk |
||
| 100 | _aBiao Luo | ||
| 245 | 0 | _aNeural Information Processing | |
| 250 | _a1st ed. 2024 | ||
| 260 |
_aHeidelberg, Germany _bSpringer Nature _c2024 |
||
| 440 | _aLecture Notes in Computer Science | ||
| 650 | _aComputer Science | ||
| 700 | _aChaojie Li | ||
| 700 | _aHongyi Li | ||
| 700 | _aLong Cheng | ||
| 700 | _aZheng-Guang Wu | ||
| 856 | _uhttps://link.springer.com/openurl?genre=book&isbn=978-981-99-8067-3 | ||
| 942 |
_cEB _2ddc |
||
| 999 |
_c55803 _d55803 |
||